000
00225nam a2200097Ia 4500
008
240331s9999 xx 000 0 und d
082
_b
LIL
100
_a
Women Studies
245
0
_a
Lila, Asia pacific women's studies
942
_c
L
999
_c
2542
_d
2542